Municipis de la comarca del Pallars Sobirà (Catalunya) - Statistics

General Stats
  • This quiz has been taken 272 times
  • The average score is 10 of 15
Answer Stats
Hint Answer % Correct
S Sort
98%
R Rialp
84%
L Llavorsí
82%
E Esterri d'Àneu
80%
A Alins
73%
E Espot
70%
G La Guingueta d'Àneu
69%
A Alt Àneu
64%
B Baix Pallars
62%
E Esterri de Cardós
58%
L Lladorre
58%
S Soriguera
57%
V Vall de Cardós
57%
T Tírvia
54%
F Farrera
49%
No matching quizzes found
Score Distribution
Percent of People with Each Score
Percentile by Number Answered
Your Score History
You have not taken this quiz